| 000 | 00348nam a22001457a 4500 | ||
|---|---|---|---|
| 020 | _a81-7176-066-X | ||
| 082 |
_a823 _bKUD/T |
||
| 100 | _aKUDAKKACHIRA, THOMAS | ||
| 245 | _aTWO LITTLE FRIENDS AND OTHER STORIES | ||
| 260 |
_aTHRISSUR _bH&C |
||
| 300 | _a42 | ||
| 520 | _aENGLISH SHORT STORY | ||
| 650 |
_aENGLISH SHORT STORY _zKERALA |
||
| 942 | _cBK | ||
| 999 |
_c5578 _d5578 |
||